| 000 | 05450nam0a2200469 4500 | ||
|---|---|---|---|
| 001 | RU\NLR\BIBL_A\016224909 | ||
| 005 | 20240126163352.0 | ||
| 010 |
_a978-5-9222-1625-8 _9500 |
||
| 021 |
_aRU _bКН-П-22-076256 _9КН-П-22-6657 |
||
| 035 | _a(NLR Aleph) 016224909 | ||
| 035 | _a(RuMoRGB)011331453 | ||
| 090 |
_a12749653 _c12749653 |
||
| 100 | _a20221201d2022 k y0rusy50 ca | ||
| 101 | 0 |
_arus _atat _ceng |
|
| 102 | _aRU | ||
| 105 | _aac z 100zy | ||
| 181 | 0 |
_ai3 _baxxe |
|
| 182 | 0 | _an | |
| 200 | 1 |
_aЧеловек и природа в бассейне реки Меша и Пестречинском Заказанье в историческом развитии. Уроженец Пестречинской земли Мауля Колый: жизнь, деятельность, наследие и его вклад в духовно-культурную жизнь татарского народа _dThe person and the nature in Mesha river basin and Pestrechinsky order. History and modernity. A native of the Pestrechinsk land, Maulya Kolyi: life, activity, heritage and his contribution to the spiritual and cultural life of the tatar people _e(Вторые Пестречинские научно-краеведческие чтения) _eматериалы Всероссийской научно-практической, историко-краеведческой конференции (Пестричинский район, РТ, 1 апреля 2022 г.) _fРеспублика Татарстан, Совет и Исполнительный комитет Пестречинского муниципального района РТ, ...Золотоордынская комплексная историко-археологическая экспедиция, Заказанский отряд [и др.] _gнаучный редактор и составитель - А. А. Бурханов _zeng |
|
| 203 |
_aТекст _bвизуальный _cнепосредственный |
||
| 210 |
_aКазань _aПестрецы, село, Республика Татарстан _cОтечество _d2022 |
||
| 215 |
_a419 с., [6] л. цв. ил., портр. _cил. _d29 |
||
| 225 | 1 |
_aВосток-Запад: диалог культур и цивилизаций Евразии _dEast - West: the dialogue of cultures and civilizations of Eurasia _vвып. 22 _zeng |
|
| 300 | _aЧасть текста татар. | ||
| 300 | _aРез. англ. | ||
| 320 | _aБиблиогр. в конце докл. | ||
| 330 | _a1 апреля в Пестречинском районе Республики Татарстан прошла Всероссийская научно-практическая, историко-краеведческая конференция "Человек и природа в бассейне реки Меши и Пестречинском Заказанье в историческом развитии. Уроженец Пестречинской земли Мауля Колый: жизнь, деятельность, наследие и его вклад в духовно-культурную жизнь татарского народа" (Вторые Пестречинские научно-краеведческие чтения) | ||
| 510 | 1 |
_aThe person and the nature in Mesha river basin and Pestrechinsky order. History and modernity. A native of the Pestrechinsk land, Maulya Kolyi: life, activity, heritage and his contribution to the spiritual and cultural life of the tatar people _zeng |
|
| 600 | 0 |
_aМавля Колый _f17 в. _jСъезды, совещания и т.п. _2nlr_sh1 _2nlr_sh2 _3RU\NLR\AUTH\66676071 |
|
| 607 |
_aПестречинский район (Татария) _xИстория _jСъезды, совещания и т.п _2nlr_sh1 _2nlr_sh2 _3RU\NLR\AUTH\661316987 |
||
| 686 | 1 | _aТ3(2Р-6Т)я431 | |
| 686 | 1 | _aШ5(2=Тат)-4Мавля Колый | |
| 702 | 0 |
_aМавля Колый _f17 в. _3RU\NLR\auth-onl\771100 _4280 |
|
| 702 | 1 |
_aБурханов _bА. А. _f1956- _gАльберт Ахметжанович _3RU\NLR\AUTH\770191266 _4340 |
|
| 711 | 1 | 2 |
_a"Человек и природа в бассейне реки Меша и Пестречинском Заказанье в историческом развитии. Уроженец Пестречинской земли Мауля Колый: жизнь, деятельность, наследие и его вклад в духовно-культурную жизнь татарского народа", всероссийская научно-практическая, историко-краеведческая конференция _f2022 _eс. Пестрецы и др., Республика Татарстан _3RU\NLR\AUTH\880579489 |
| 712 | 0 | 1 |
_aРеспублика Татарстан _bПестречинский район _bСовет _3RU\NLR\AUTH\880579488 _4570 |
| 712 | 0 | 2 |
_aЗолотоордынская комплексная историко-археологическая экспедиция _cКазань _bЗаказанский отряд _3RU\NLR\AUTH\880579487 _4570 |
| 942 | _cBOOK | ||
| 980 | _aNB | ||